| 000 | 00511nam a2200193Ia 4500 | ||
|---|---|---|---|
| 005 | 20240823061201.0 | ||
| 008 | 240823s9999||||xx |||||||||||||| ||und|| | ||
| 041 | _aENGLISH | ||
| 082 | _A414.8 P5 | ||
| 100 | _a"Ashby,Michael F" | ||
| 245 | 0 | _aIntroducing Phonetic Science | |
| 250 | _a1st | ||
| 260 |
_c2005 _bCambridge Universities |
||
| 500 | _aTRANSFERED | ||
| 650 |
_aAudiology Speech and Language Pathology _bAllied Health Science |
||
| 700 | _a" Maidment,John" | ||
| 942 | _cBK | ||
| 999 |
_c232914 _d232914 |
||